000 01091cam a22003255a 4500
999 _c10961
_d10961
001 15359015
003 OSt
005 20191221114753.0
008 080709s2007 ii a b 000 0 eng
010 _a 2008331174
020 _a8171885926
025 _aI-E-2008-331174; 79-90
037 _bLibrary of Congress -- New Delhi Overseas Office
_cRs395.00
040 _aDLC
_cDLC
042 _alcode
043 _aa-ii---
082 _a338.954
_bKAP/I
245 0 0 _aIndia's economic development since 1947 /
_cedited by Uma Kapila.
260 _aNew Delhi :
_bAcademic Foundation,
_c2007.
300 _a872 p. :
_bill. ;
_c23 cm.
500 _a"Previously entitled Indian economy since independence".
504 _aIncludes bibliographical references.
520 _aContributed articles.
651 0 _aIndia
_xEconomic policy
_y1947-
651 0 _aIndia
_xEconomic conditions
_y1947-
700 _aKapila, Uma
_9489
906 _a7
_bcbc
_corigode
_d4
_encip
_f20
_gy-gencatlg
942 _2ddc
_cBK
_h338.954
_iKAP/I
_k338.954
_mKAP/I